Normal view MARC view
  • Lembaga Penyelidikan Undang-Undang

Entry Topical Term

Number of records used in: 1

001 - CONTROL NUMBER

  • control field: 9011

003 - CONTROL NUMBER IDENTIFIER

  • control field: OSt

005 - DATE AND TIME OF LATEST TRANSACTION

  • control field: 20170728113358.0

008 - FIXED-LENGTH DATA ELEMENTS

  • fixed length control field: 170728|| aca||aabn | a|a d

040 ## - CATALOGING SOURCE

  • Original cataloging agency: OSt
  • Transcribing agency: OSt

150 ## - HEADING--TOPICAL TERM

  • Topical term or geographic name entry element: Lembaga Penyelidikan Undang-Undang

670 ## - SOURCE DATA FOUND

  • Source citation: Work cat.: (OSt)0: Malaysia 400, Hire-Purchase Act 1967 (Revised - 1978) and Regulations (Act 212), 2017
Pusat Sumber Maklumat Dato' Haji Sarmin Md Hussin, Akademi Kastam Diraja Malaysia, Melaka
Tel: 06-2331106 | Faks: 06-2313787